Statystyki dla Wszystkie powiaty w Bawarii na mapie

Kliknij tutaj aby rozwiązać quiz!

Ogólne statystyki

  • Ten quiz został rozwiązany 13 razy
  • Średni wynik to 14 z 96

Odpowiedzi na mapie

Odpowiedzi skodowane kolorowo w zielono-czerwonej skali na mapie do tego quizu, zgodnie z poniższymi procentami.
 

Statystyki odpowiedzi

Landkreis/Stadt% Poprawnych
Monachium
100%
Monachium
100%
Nürnberger Land
88%
Norymberga
75%
Ratyzbona
75%
Ratyzbona
75%
Augsburg
63%
Augsburg
63%
Pasawa
63%
Pasawa
63%
Ansbach
50%
Ansbach
50%
Ingolstadt
50%
Landshut
50%
Landshut
50%
Würzburg
50%
Würzburg
50%
Regen
38%
Bamberg
25%
Bamberg
25%
Fürth
25%
Fürth
25%
Neu-Ulm
25%
Bayreuth
13%
Bayreuth
13%
Cham
13%
Deggendorf
13%
Dingolfing-Landau
13%
Garmisch-Partenkirchen
13%
Hof
13%
Hof
13%
Lindau (Bodensee)
13%
Straubing
13%
Straubing-Bogen
13%
Aichach-Friedberg
0%
Altötting
0%
Amberg
0%
Amberg-Sulzbach
0%
Aschaffenburg
0%
Aschaffenburg
0%
Bad Kissingen
0%
Bad Tölz-Wolfratshausen
0%
Berchtesgadener Land
0%
Coburg
0%
Coburg
0%
Dachau
0%
Dillingen an der Donau
0%
Donau-Ries
0%
Ebersberg
0%
Eichstätt
0%
Erding
0%
Erlangen
0%
Erlangen-Höchstadt
0%
Forchheim
0%
Freising
0%
Freyung-Grafenau
0%
Fürstenfeldbruck
0%
Günzburg
0%
Haßberge
0%
Kaufbeuren
0%
Kelheim
0%
Kempten
0%
Kitzingen
0%
Kronach
0%
Kulmbacha
0%
Landsberg am Lech
0%
Lichtenfels
0%
Main-Spessart
0%
Memmingen
0%
Miesbach
0%
Miltenberg
0%
Mühldorf am Inn
0%
Neuburg-Schrobenhausen
0%
Neumarkt in der Oberpfalz
0%
Neustadt a.d. Aisch
0%
Neustadt a.d. Waldnaab
0%
Oberallgäu
0%
Ostallgäu
0%
Pfaffenhofen an der Ilm
0%
Rhön-Grabfeld
0%
Rosenheim
0%
Rosenheim
0%
Roth
0%
Rottal-Inn
0%
Schwabach
0%
Schwandorf
0%
Schweinfurt
0%
Schweinfurt
0%
Starnberg
0%
Tirschenreuth
0%
Traunstein
0%
Unterallgäu
0%
Weiden
0%
Weilheim-Schongau
0%
Weißenburg-Gunzenhausen
0%
Wunsiedel im Fichtelgebirge
0%

Rozkład punktacji

Percentyl według liczby udzielonych odpowiedzi

Procent ludzi z każdym wynikiem

Twoja historia wyników

Nie rozwiązałeś tego quizu